MARC

LEADER 00000nam0a2200000 4500
001 18510
005 20231101205218.0
010 |a 576640820X 
035 |a (RuTPU)RU\TPU\book\18660 
035 |a BOOK00018729 
090 |a 18510 
100 |a 20011209d1992 m y0rusy50 ca 
101 0 |a rus 
102 |a RU 
105 |a aс z 000zb 
200 1 |a Загадка Горбачева  |f Е. К. Лигачев 
210 |a Новосибирск  |c Интербук  |d 1992 
215 |a 300 с.  |c ил 
600 1 |a Горбачев  |g Михаил Сергеевич  |c генеральный секретарь ЦК КПСС  |f 1931-  |c 1-й и последний президент СССР  |b М. С.  |2 stltpui  |3 (RuTPU)RU\TPU\pers\1057 
606 1 |a Государственные и политические деятели Российской Федерации  |x Внутренняя политика  |x Персоналии  |2 stltpush  |3 (RuTPU)RU\TPU\subj\68275 
606 1 |a Политические деятели  |x История  |2 stltpush  |3 (RuTPU)RU\TPU\subj\71768  |9 85536 
610 1 |a политика 
610 1 |a государственные деятели 
610 1 |a политические деятели 
610 1 |a КПСС 
610 1 |a СССР 
610 1 |a 20 век 
686 |a Ф61(2)8  |v LBC/SL-A  |2 rubbk 
686 |a Ф3(2)8  |v LBC/SL-A  |2 rubbk 
700 1 |a Лигачев  |b Е. К.  |c российский государственный и политический деятель  |c секретарь ЦК КПСС 1983-1990, почетный гражданин Томска и Томской области  |f 1920-  |g Егор Кузьмич  |2 stltpush  |3 (RuTPU)RU\TPU\pers\31476 
801 0 |a RU  |b 63413507  |c 20011209  |g PSBO 
801 2 |a RU  |b 63413507  |c 20140306  |g PSBO 
942 |c BK